[Event "Sibiria Region-ch"]
[Site "Novosibirsk"]
[Date "2003.??.??"]
[Round "6"]
[White "Kovalev, Evgeny"]
[Black "Baljiev, Chingiz"]
[Result "1-0"]
[WhiteElo "2245"]
[BlackElo "2282"]
[PlyCount "114"]
[EventDate "2003.05.??"]
[EventType "swiss"]
[EventRounds "9"]
[EventCountry "RUS"]
[SourceTitle "EXT 2008"]
[Source "ChessBase"]
[SourceDate "2007.11.25"]
[SourceVersion "1"]
[SourceVersionDate "2007.11.25"]
[SourceQuality "1"]

1. d4 Nf6 2. Nf3 g6 3. g3 Bg7 4. Bg2 0-0 5. 0-0 d6 6. c4 c5 7. Nc3 cxd4 8. Nxd4 Nc6 9. Nc2 Be6 10. Ne3 Nd7 11. Qd2 Qa5 12. Ncd5 Qxd2 13. Bxd2 Rab8 14. Bc3 Bxc3 15. Nxc3 Rfc8 16. Rac1 a6 17. Ncd5 Kf8 18. Nf4 Nc5 19. Rfd1 Bd7 20. h4 b5 21. cxb5 Rxb5 22. b3 a5 23. Nfd5 Nb4 24. Rd2 Be6 25. Nf4 Rbb8 26. Ned5 Bxd5 27. Nxd5 Nd7 28. Rxc8+ Rxc8 29. f4 Rc1+ 30. Kf2 Nxd5 31. Bxd5 Nc5 32. Bf3 h5 33. e4 Rc3 34. Ke2 Kg7 35. Rd4 Rc2+ 36. Rd2 Rc3 37. Rd4 Rc2+ 38. Rd2 Rc1 39. Rd1 Rc3 40. Rd4 f5 41. exf5 gxf5 42. Rc4 Rxc4 43. bxc4 Kg6 44. Ke3 e5 45. fxe5 dxe5 46. Bc6 Kf6 47. Bf3 Ke7 48. Bxh5 Ne4 49. g4 Nf6 50. Kf3 Kd6 51. Bg6 fxg4+ 52. Kg3 Kc5 53. h5 e4 54. h6 Kxc4 55. Kf4 Kd4 56. Bxe4 g3 57. Bf3 a4 1-0

[Event "Capital of Sibiria op"]
[Site "Novosibirsk"]
[Date "2002.07.24"]
[Round "6"]
[White "Golovachuk, Yaroslav"]
[Black "Kovalev, Evgeny"]
[Result "1-0"]
[WhiteElo "2279"]
[BlackElo "2173"]
[PlyCount "63"]
[EventDate "2002.07.19"]
[EventType "swiss"]
[EventRounds "9"]
[EventCountry "RUS"]
[SourceTitle "CBM 089 Extra"]
[Source "ChessBase"]
[SourceDate "2002.09.10"]
[SourceVersion "2"]
[SourceVersionDate "2002.09.10"]
[SourceQuality "1"]

1. e4 e6 2. d3 d5 3. Qe2 Ne7 4. Nf3 b6 5. c3 c5 6. Be3 Nbc6 7. Qc2 Bb7 8. Be2 g6 9. h4 h6 10. Nbd2 Bg7 11. Nb3 a5 12. a4 e5 13. Rd1 Qd7 14. Nc1 f5 15. Qb3 Qd8 16. exd5 Nxd5 17. Bxc5 Ncb4 18. cxb4 bxc5 19. bxc5 Bc6 20. d4 exd4 21. Nxd4 Bxd4 22. Rxd4 Rb8 23. Qg3 Kf7 24. Nd3 Re8 25. Ne5+ Rxe5 26. Qxe5 Rxb2 27. 0-0 Qe7 28. Rxd5 Rxe2 29. Qxe7+ Rxe7 30. Rd6 Rc7 31. h5 gxh5 32. Rxh6 1-0